| 000 | 00360nam a2200145Ia 4500 | ||
|---|---|---|---|
| 005 | 20250403042757.0 | ||
| 008 | 240331s9999 xx 000 0 und d | ||
| 082 |
_bSOO _2KIN _a894 |
||
| 100 | _aSoodamani, R | ||
| 245 | 0 | _aKinaroo | |
| 260 |
_aNagapatinam _bEmaiyam Pathippagam _c1991 |
||
| 300 | _a176 p ., | ||
| 650 | _aSoodamaniyin Siru Kadhaikal | ||
| 942 | _cL | ||
| 999 |
_c4203 _d4203 |
||